<?xml version="1.0" encoding="UTF-8"?>
<record
    xmlns:xsi="http://www.w3.org/2001/XMLSchema-instance"
    xsi:schemaLocation="http://www.loc.gov/MARC21/slim http://www.loc.gov/standards/marcxml/schema/MARC21slim.xsd"
    xmlns="http://www.loc.gov/MARC21/slim">

  <leader>02687njm a2200469Ia 4500</leader>
  <controlfield tag="001">E7797</controlfield>
  <controlfield tag="003">IT-RoPAU</controlfield>
  <controlfield tag="005">20220918181118.0</controlfield>
  <controlfield tag="008">131025s9999    xx            000 0 und d</controlfield>
  <datafield tag="040" ind1=" " ind2=" ">
    <subfield code="a">IT-RoPAU</subfield>
  </datafield>
  <datafield tag="040" ind1=" " ind2=" ">
    <subfield code="c">IT-RoPAU</subfield>
  </datafield>
  <datafield tag="041" ind1=" " ind2=" ">
    <subfield code="a">ITALIANO</subfield>
  </datafield>
  <datafield tag="999" ind1=" " ind2=" ">
    <subfield code="c">99590</subfield>
    <subfield code="d">99590</subfield>
  </datafield>
  <datafield tag="999" ind1=" " ind2=" ">
    <subfield code="b">n.d.</subfield>
  </datafield>
  <datafield tag="100" ind1=" " ind2=" ">
    <subfield code="a">AA.VV.</subfield>
    <subfield code="9">794</subfield>
  </datafield>
  <datafield tag="100" ind1=" " ind2=" ">
    <subfield code="e">Autore musica</subfield>
    <subfield code="9">32023</subfield>
  </datafield>
  <datafield tag="100" ind1=" " ind2=" ">
    <subfield code="g">Codice autore musica SPICS: 12000</subfield>
    <subfield code="9">796</subfield>
  </datafield>
  <datafield tag="245" ind1=" " ind2=" ">
    <subfield code="a">Julio Iglesias in Italia</subfield>
  </datafield>
  <datafield tag="250" ind1=" " ind2=" ">
    <subfield code="a">1a ed.</subfield>
  </datafield>
  <datafield tag="260" ind1=" " ind2=" ">
    <subfield code="a">MILANO</subfield>
  </datafield>
  <datafield tag="260" ind1=" " ind2=" ">
    <subfield code="b">CBS ITALIANA</subfield>
    <subfield code="c">1980 [1a Ed.:1980 - Ed. Lingua Orig.: 1980]</subfield>
  </datafield>
  <datafield tag="300" ind1=" " ind2=" ">
    <subfield code="a">DISCO</subfield>
  </datafield>
  <datafield tag="300" ind1=" " ind2=" ">
    <subfield code="c">38 minuti (Testo:  pag.)</subfield>
  </datafield>
  <datafield tag="500" ind1=" " ind2=" ">
    <subfield code="a">Musica leggera. Canzone.</subfield>
  </datafield>
  <datafield tag="505" ind1=" " ind2=" ">
    <subfield code="a">33 anni (4:00) - Restiamo ancora insieme (4:00) - Passar di mano (4:00) - Good bye a modo mio (4:00) - Sono sempre io (4:00) - Seguir&#xF2; il mio cammino (4:00) - Amore che verrai (3:00) - Sono io (5:00) - Oba Oba Obaba (4:00) - Stai (4:00)</subfield>
  </datafield>
  <datafield tag="650" ind1=" " ind2=" ">
    <subfield code="a">CANZONE [DISCHI]</subfield>
    <subfield code="e">Codice MATERIA SPICS: 9950</subfield>
    <subfield code="9">920</subfield>
  </datafield>
  <datafield tag="700" ind1=" " ind2=" ">
    <subfield code="a">Iglesias Julio</subfield>
    <subfield code="g">Codice interprete SPICS: 8046</subfield>
    <subfield code="e">Interprete</subfield>
    <subfield code="9">32024</subfield>
  </datafield>
  <datafield tag="700" ind1=" " ind2=" ">
    <subfield code="a">Belfiore Gianni</subfield>
    <subfield code="g">Codice autore musica SPICS: 24485</subfield>
    <subfield code="e">Autore musica</subfield>
    <subfield code="p">33 anni - Restiamo ancora insieme - Passar di mano - Good bye a modo mio - Sono sempre io - Seguir&#xF2; il mio cammino - Oba Oba Obaba - Stai</subfield>
    <subfield code="9">32025</subfield>
  </datafield>
  <datafield tag="700" ind1=" " ind2=" ">
    <subfield code="a">Iglesias Julio</subfield>
    <subfield code="g">Codice autore SPICS: 8046</subfield>
    <subfield code="e">Autore</subfield>
    <subfield code="p">33 anni - Sono sempre io - Seguir&#xF2; il mio cammino</subfield>
    <subfield code="9">32026</subfield>
  </datafield>
  <datafield tag="700" ind1=" " ind2=" ">
    <subfield code="a">Girado R.</subfield>
    <subfield code="g">Codice autore testo/musica SPICS: 23230</subfield>
    <subfield code="e">Autore testo/musica</subfield>
    <subfield code="p">Restiamo ancora insieme</subfield>
    <subfield code="9">32027</subfield>
  </datafield>
  <datafield tag="700" ind1=" " ind2=" ">
    <subfield code="a">Daniel D.</subfield>
    <subfield code="g">Codice autore SPICS: 27323</subfield>
    <subfield code="e">Autore</subfield>
    <subfield code="p">Passar di mano - Amore che verrai</subfield>
    <subfield code="9">32028</subfield>
  </datafield>
  <datafield tag="700" ind1=" " ind2=" ">
    <subfield code="a">Marti S.</subfield>
    <subfield code="g">Codice autore testo/musica SPICS: 27324</subfield>
    <subfield code="e">Autore testo/musica</subfield>
    <subfield code="p">Passar di mano</subfield>
    <subfield code="9">32029</subfield>
  </datafield>
  <datafield tag="700" ind1=" " ind2=" ">
    <subfield code="a">Balducci Maurizio</subfield>
    <subfield code="g">Codice autore testo/musica SPICS: 22850</subfield>
    <subfield code="e">Autore testo/musica</subfield>
    <subfield code="p">Good bye a modo mio</subfield>
    <subfield code="9">32030</subfield>
  </datafield>
  <datafield tag="700" ind1=" " ind2=" ">
    <subfield code="a">De La Calva</subfield>
    <subfield code="g">Codice autore SPICS: 27322</subfield>
    <subfield code="e">Autore</subfield>
    <subfield code="p">Sono sempre io</subfield>
    <subfield code="9">32031</subfield>
  </datafield>
  <datafield tag="700" ind1=" " ind2=" ">
    <subfield code="a">Ramos Silvano R.</subfield>
    <subfield code="g">Codice autore testo/musica SPICS: 15728</subfield>
    <subfield code="e">Autore testo/musica</subfield>
    <subfield code="p">Seguir&#xF2; il mio cammino</subfield>
    <subfield code="9">32032</subfield>
  </datafield>
  <datafield tag="700" ind1=" " ind2=" ">
    <subfield code="a">Coppola M.</subfield>
    <subfield code="g">Codice autore musica SPICS: 27315</subfield>
    <subfield code="e">Autore musica</subfield>
    <subfield code="p">Amore che verrai</subfield>
    <subfield code="9">32033</subfield>
  </datafield>
  <datafield tag="700" ind1=" " ind2=" ">
    <subfield code="a">Gargiulo G.</subfield>
    <subfield code="g">Codice autore musica SPICS: 49704</subfield>
    <subfield code="e">Autore musica</subfield>
    <subfield code="p">Sono io</subfield>
    <subfield code="9">32034</subfield>
  </datafield>
  <datafield tag="700" ind1=" " ind2=" ">
    <subfield code="a">Anelli</subfield>
    <subfield code="g">Codice autore testo/musica SPICS: 16070</subfield>
    <subfield code="e">Autore testo/musica</subfield>
    <subfield code="p">Sono io</subfield>
    <subfield code="9">32035</subfield>
  </datafield>
  <datafield tag="700" ind1=" " ind2=" ">
    <subfield code="a">Alejandro M.</subfield>
    <subfield code="g">Codice autore testo/musica SPICS: 27313</subfield>
    <subfield code="e">Autore testo/musica</subfield>
    <subfield code="p">Oba Oba Obaba</subfield>
    <subfield code="9">32036</subfield>
  </datafield>
  <datafield tag="700" ind1=" " ind2=" ">
    <subfield code="a">Ardo</subfield>
    <subfield code="g">Codice autore SPICS: 14156</subfield>
    <subfield code="e">Autore</subfield>
    <subfield code="p">Stai</subfield>
    <subfield code="9">32037</subfield>
  </datafield>
  <datafield tag="700" ind1=" " ind2=" ">
    <subfield code="a">Chaplin</subfield>
    <subfield code="g">Codice autore testo/musica SPICS: 23732</subfield>
    <subfield code="e">Autore testo/musica</subfield>
    <subfield code="p">Stai</subfield>
    <subfield code="9">32038</subfield>
  </datafield>
  <datafield tag="942" ind1=" " ind2=" ">
    <subfield code="c">MD</subfield>
    <subfield code="2">ddc</subfield>
  </datafield>
  <datafield tag="952" ind1=" " ind2=" ">
    <subfield code="0">0</subfield>
    <subfield code="1">0</subfield>
    <subfield code="4">0</subfield>
    <subfield code="6">E_7797_000000000000000</subfield>
    <subfield code="7">1</subfield>
    <subfield code="a">SPICS</subfield>
    <subfield code="b">SPICS</subfield>
    <subfield code="d">2013-10-25</subfield>
    <subfield code="l">0</subfield>
    <subfield code="o">E7797</subfield>
    <subfield code="r">2013-10-25 00:00:00</subfield>
    <subfield code="w">2013-10-25</subfield>
    <subfield code="y">MD</subfield>
    <subfield code="z">Progr. Ins.: 2862 / N.Vol.: 1 / Copie: 1 - Copia rara: n.d. / date import: 01.01.2014 - By Epidotti, Trombetti, Vaglietti</subfield>
  </datafield>
</record>
